000
00213nam a22000857a 4500
008
160704b xxu||||| |||| 00| 0 eng d
100
_9
2044
_a
Kapoor, R.K
245
_a
Care of your Eyes
260
_a
New Delhi
_b
UBS
_c
1998
999
_c
1744
_d
1744